000 00797nam a2200277Ia 4500
003 OSt
005 20221005025803.0
006 a|||||r|||| 00| 0
007 ta
008 221004b |||||||| |||| 00| 0 eng d
020 _a1891389025
024 _a29806
037 _cTextual
040 _aCRL
_cCRL
_beng
041 _2eng
_aeng
082 _aE9G,1:3B, P0
100 _aQue Lawrence Editor
_9582163
245 0 _aPhysical methods in bioinorganic chemistry
_b Spectroscopy and magnetism
260 _aCalifornia
_bUniversity science Books
_c2000
300 _a556p.
_ccm.
650 _a BIOCHEMISTRY
650 _a SPECTRUM ANALYSIS
650 _aINORGANIC CHEMISTRY
_9185095
942 _hE9G,1:3B, P0
_cTEXL
_2cc
999 _c935279
_d935279